Economies et sociétés : tome VII, no. 9, septembre 1973 : Premiers jalons pour une théorie de l'environnement /

Revista fundada en 1944 por François Perroux, de gran alcance internacional, que publica doce números por año. El objetivo central es actualizar los conceptos de la investigación y la teoría económicas, así como el análisis crítico de los hechos económicos a través de números monográficos.

Збережено в:
Бібліографічні деталі
Інші автори: Perroux, François (dirección) (dirección), Tabatoni, Pierre (dirección) (dirección), Busino, Giovanni (dirección) (dirección)
Формат: Книга
Мова:Французька
Опубліковано: París, Francia : Institut des Sciences Mathématiques et Economiques Appliquées ; 1973, c1973
Серія:(Cahiers de l'Institut des Sciences Mathématiques et Economiques Appliquées. Série F ; 25)
(Cahiers de l'Institut des Sciences Mathématiques et Economiques Appliquées. Série S ; 16)
(Cahiers de l'Institut des Sciences Mathématiques et Economiques Appliquées. Série AG ; 11)
Предмети:
Теги: Додати тег
Немає тегів, Будьте першим, хто поставить тег для цього запису!

MARC

LEADER 00000nam^a2200000^a^4500
001 000364630
005 20250521000000.0
009 20260310115622.755
037 |a Acervo ITESO - Biblioteca 
041 |a FRA 
082 |a 330. 05  |b INS ECS 1973 V. 9-12 
240 1 1 |a [Economies et sociétés] 
245 0 0 |a Economies et sociétés :  |b tome VII, no. 9, septembre 1973 : Premiers jalons pour une théorie de l'environnement /  |c Dir. de F. Perroux, P. Tabatoni, G. Busino. 
264 4 |a París, Francia :  |b Institut des Sciences Mathématiques et Economiques Appliquées ;  |c 1973, c1973 
300 |a p. 1514-2429 
336 |a texto  |b txt  |2 rdacontenido 
337 |a sin mediación  |b n  |2 rdamedio 
338 |a volumen  |b nc  |2 rdasoporte 
440 1 |a (Cahiers de l'Institut des Sciences Mathématiques et Economiques Appliquées.  |p Série F ;  |v 25) 
440 1 |a (Cahiers de l'Institut des Sciences Mathématiques et Economiques Appliquées.  |p Série S ;  |v 16) 
440 1 |a (Cahiers de l'Institut des Sciences Mathématiques et Economiques Appliquées.  |p Série AG ;  |v 11) 
501 |a Encuadernación particular 
520 |a Revista fundada en 1944 por François Perroux, de gran alcance internacional, que publica doce números por año. El objetivo central es actualizar los conceptos de la investigación y la teoría económicas, así como el análisis crítico de los hechos económicos a través de números monográficos. 
561 |a Ex libris de Biblioteca Universidad Iberoamericana Plantel Noroeste 
649 |a XX 
650 |a Transnacionales -  |x Aspectos Económicos 
650 |a Empresa y Medio Ambiente 
650 |a Ministerios de Ecología 
650 |a Industria Avícola 
650 |a Industria Agropecuaria -  |z Quebec, Canadá 
650 |a Industria Agropecuaria -  |z EUA 
650 |a Industria Agropecuaria -  |z Francia 
650 |a Industria Agropecuaria -  |x Tema Principal 
650 |a Industria Alimenticia 
650 |a Vinos -  |x Industria y Comercio 
650 |a Frutas -  |x Industria y Comercio 
650 |a Carne de Cerdo -  |x Industria y Comercio 
650 |a Carne -  |x Industria y Comercio 
650 |a Mercancía 
650 |a Movimientos Obreros -  |z Alemania 
650 |a Alienación 
650 |a Recursos Naturales -  |x Aspectos Económicos 
650 |a Deterioro Ambiental -  |x Aspectos Económicos 
650 |a Medio Ambiente -  |x Aspectos Económicos -  |x Tema Principal 
650 |a Materialismo 
650 |a Filosofía de la Praxis 
650 |a Marxismo -  |x Historia y Crítica -  |x Tema Principal 
650 |a Política Ambiental 
650 |a Política Económica 
650 |a Economía de la Tierra 
650 |a Economía Política 
650 |a Economía -  |x Teoría 
650 |a Economía -  |x Publicaciones Periódicas Francesas -  |x Tema Principal 
650 |a Publicaciones Periódicas Francesas 
740 0 |a Economies et sociétés :  |b tome VII, no. 10, octobre 1973 : Source et signification de l'oeuvre de Karl Marx /  |c Dir. de F. Perroux, P. Tabatoni, G. Busino. 
740 0 |a Economies et sociétés :  |b tome VII, no. 11-12, novembre-décembre 1973 : L'agro-industrie /  |c Dir. de F. Perroux, P. Tabatoni, G. Busino. 
700 |a Perroux, François  |e (dirección) 
700 |a Tabatoni, Pierre  |e (dirección) 
700 |a Busino, Giovanni  |e (dirección) 
910 |a Fondo Xavier Scheifler Amézaga S.J. 
920 |a Impresos - Libros 
930 |a Fondos Especiales 
905 |a 124 
901 |a 0500258366  |b IT2  |c ESP  |i D60397  |u 20250521 
902 |a https://opac.biblio.iteso.mx/vufind/Record/000364630